Guess The Abbreviations (usa states) - Statistics

General Stats
  • This quiz has been taken 196 times
  • The average score is 48 of 50
Answer Stats
states Abbreviation % Correct
Alabama al
100%
Alaska ak
98%
Arkansas ar
98%
Arizona az
98%
California ca
98%
Colorado co
98%
Hawaii hi
98%
Kansas ks
98%
Massachusetts ma
98%
Michigan mi
98%
North Carolina nc
98%
North Dakota nd
98%
New York ny
98%
Florida fl
97%
Iowa ia
97%
Louisiana la
97%
Maryland md
97%
Maine me
97%
Minnesota mn
97%
Mississippi ms
97%
New Hampshire nh
97%
New Jersey nj
97%
Ohio oh
97%
Oklahoma ok
97%
Oregon or
97%
Pennsylvania pa
97%
South Carolina sc
97%
South Dakota sd
97%
Utah ut
97%
West Virginia wv
97%
Wyoming wy
97%
Connecticut ct
96%
Delaware de
96%
Georgia ga
96%
Idaho id
96%
Missouri mo
96%
Montana mt
96%
Nebraska ne
96%
New Mexico nm
96%
Nevada nv
96%
Rhode Island ri
96%
Virginia va
96%
Vermont vt
96%
Wisconsin wi
96%
Illinois il
95%
Indiana in
95%
Kentucky ky
95%
Tennessee tn
95%
Texas tx
95%
Washington wa
95%
No matching quizzes found
Score Distribution
Percent of People with Each Score
Percentile by Number Answered
Your Score History
You have not taken this quiz